Catalog

Record Details

Catalog Search



Available copies

  • 2 of 2 copies available at LARL/NWRL Consortium.
  • 2 of 2 copies available at Lake Agassiz Regional Library. (Show preferred library)

Current holds

0 current holds with 2 total copies.

Show Only Available Copies
Location Call Number / Copy Notes Barcode Shelving Location Status Due Date
Moorhead Public Library SF TOL (Text) 33500013559240 Main Available -
Moorhead Public Library SF TOL (Text) 33500013559257 Main Available -

Record details

  • ISBN: 9781250807939
  • ISBN: 125080793X
  • Physical Description: 111 pages ; 21 cm
  • Edition: First edition.
  • Publisher: New York : Tordotcom, 2022.

Content descriptions

General Note:
"A Tom Doherty Associates book."
Summary, etc.:
Filled with the magic and darkened whispers of a ... Read More
Subject: Magic > Fiction.
Horses > Fiction.
Horse dealers > Fiction.
Voyages and travels > Fiction.
Iceland > Fiction.
Asia, Central > Fiction.
Genre: Historical fiction.
Fantasy fiction.
Novels.
LDR 01609cam a2200457 i 4500
001382480
003LARL_NWRL_CONSORTIUM
00520220310185509.0
008220225t20222022nyu 000 1 eng d
040 . ‡aBLP ‡beng ‡erda ‡cBLP ‡dBLP ‡dBDX ‡dOJ4 ‡dUAP ‡dCDX
019 . ‡a1290203505
020 . ‡a9781250807939 ‡qpbk.
020 . ‡a125080793X ‡qpbk.
035 . ‡a(OCoLC)1299342255 ‡z(OCoLC)1290203505
043 . ‡ae-ic--- ‡aac-----
055 3. ‡aPS8639.O45 ‡bA75 2022
08204. ‡a813/.6 ‡223/eng/20220217
1001 . ‡aTolmie, Sarah, ‡eauthor.
24510. ‡aAll the horses of Iceland / ‡cSarah Tolmie.
250 . ‡aFirst edition.
264 1. ‡aNew York : ‡bTordotcom, ‡c2022.
264 4. ‡c©2022
300 . ‡a111 pages ; ‡c21 cm
336 . ‡atext ‡btxt ‡2rdacontent
337 . ‡aunmediated ‡bn ‡2rdamedia
338 . ‡avolume ‡bnc ‡2rdacarrier
500 . ‡a"A Tom Doherty Associates book."
520 . ‡aFilled with the magic and darkened whispers of a people on the cusp of major cultural change, this tale follows a Norse trader on his travels through Central Asia, where he barters for horses and returns with much, much more.
650 0. ‡aMagic ‡vFiction. ‡0(LARL_NWRL_CONSORTIUM)165984
650 0. ‡aHorses ‡vFiction. ‡0(LARL_NWRL_CONSORTIUM)165676
650 0. ‡aHorse dealers ‡vFiction.
650 0. ‡aVoyages and travels ‡vFiction.
651 0. ‡aIceland ‡vFiction.
651 0. ‡aAsia, Central ‡vFiction.
655 7. ‡aHistorical fiction. ‡2lcgft
655 7. ‡aFantasy fiction. ‡2lcgft
655 7. ‡aNovels. ‡2lcgft
901 . ‡a382480 ‡bOCoLC ‡c382480 ‡tbiblio ‡soclc

Additional Resources